Free boundary problems involving solids : proceedings of the International Colloquium 'Free Boundary Problems--Theory and Applications'
Αποθηκεύτηκε σε:
| Συγγραφή απο Οργανισμό/Αρχή: | |
|---|---|
| Άλλοι συγγραφείς: | , |
| Μορφή: | Βιβλίο |
| Γλώσσα: | English |
| Δημοσίευση: |
Harlow, Essex, England ; New York :
Longman Scientific & Technical : Wiley,
1993.
|
| Σειρά: | Pitman research notes in mathematics series ;
281 |
| Θέματα: | |
| Ετικέτες: |
Προσθήκη ετικέτας
Δεν υπάρχουν, Καταχωρήστε ετικέτα πρώτοι!
|
MARC
| LEADER | 00000cam a2200000 i 4500 | ||
|---|---|---|---|
| 001 | 1/39483 | ||
| 008 | 941103s1993####enk| ||| |||| ||eng|| | ||
| 020 | |a 0582087678 | ||
| 035 | |l 10041023 | ||
| 035 | |a 1993 | ||
| 040 | |a GR-MyUA |b gre |e AACR2 | ||
| 041 | 0 | |a eng | |
| 082 | 0 | |a 515.35 |2 (20) | |
| 110 | 1 | |a International Collogium "Free Boundary Problems: Theory and Applications". | |
| 245 | 1 | 0 | |a Free boundary problems involving solids : |b proceedings of the International Colloquium 'Free Boundary Problems--Theory and Applications' / |c John M. Chadam and Henning Rasmussen, editors. |
| 260 | |a Harlow, Essex, England ; |a New York : |b Longman Scientific & Technical : |b Wiley, |c 1993. | ||
| 300 | |a 243 σ. : |b εικ. ; |c 25 εκ. | ||
| 490 | 1 | |a (Pitman research notes in mathematics series |v ; 281) | |
| 500 | |a "Held in Montreal (Canada) from June 13 to June 22, 1990"--Pref | ||
| 504 | |a Περιέχει βιβλιογραφικές αναφορές. | ||
| 650 | 0 | 0 | |a Mechanics, Analytic |x Congresses. |
| 650 | 0 | 0 | |a Boundary value problems |x Congresses. |
| 700 | 1 | |a Chadam, John M. |e edt | |
| 700 | 1 | |a Rasmussen, Henning, |c Ph. D. |e edt | |
| 830 | 0 | |a Pitman research notes in mathematics series ; |v 281 | |
| 852 | |a INST |b SAMOS |e 19941103 |h 515.35 INT |p 005300007166 |q 005300007166 |t BK |y 0 | ||
| 909 | |a Σ |b 030659 | ||